Living with religious diversity / (Record no. 102106)

MARC details
000 -LEADER
fixed length control field 00724nam a22002057a 4500
005 - DATE AND TIME OF LATEST TRANSACTION
control field 20180228105632.0
010 ## - LCCN (DPL NO)
LC control number 1617EN
020 ## - INTERNATIONAL STANDARD BOOK NUMBER
International Standard Book Number 9781138639720
Terms of availability 895.00
035 ## - SYSTEM CONTROL NUMBER
System control number B-664914
037 ## - SOURCE OF ACQUISITION
Stock number DPL
Source of stock number/acquisition UPPAL
082 ## - DEWEY DECIMAL CLASSIFICATION NUMBER
Classification number 201.5
245 ## - TITLE STATEMENT
Title Living with religious diversity /
Statement of responsibility, etc edited by Sonia Sikka, Bindu Puri [and] Lori G.Beaman
260 ## - PUBLICATION, DISTRIBUTION, ETC. (IMPRINT)
Place of publication, distribution, etc New York
Name of publisher, distributor, etc Routledge
Date of publication, distribution, etc 2016
270 ## - ADDRESS
Address 711 third avenue
City New York
Postal code NY 10017
300 ## - PHYSICAL DESCRIPTION
Extent xxx,250p.
Dimensions 24cm(Hb)
700 ## - ADDED ENTRY--PERSONAL NAME
Personal name Bindu Puri
700 ## - ADDED ENTRY--PERSONAL NAME
Personal name Beaman, Lori G.
942 ## - ADDED ENTRY ELEMENTS (KOHA)
Source of classification or shelving scheme Dewey Decimal Classification
Item type English Books
Classification part 201.5
Call number suffix LIV
Holdings
Withdrawn status Lost status Not for loan Collection code Home library Current library Date acquired Source of acquisition Cost, normal purchase price Full call number Barcode Copy number Cost, replacement price Koha item type
      Non-fiction Ashok Vihar Ashok Vihar 28/02/2018 Uppal/14146/27.2.2017/EN/AV/473/15.2.2017/7.3.2017 895.00 201.5 LIV B-664914 1 895.00 English Books

© Delhi Public Library
Hit Counter
free hit counter